Normal view
MARC view
Entry Personal Name
001 - CONTROL NUMBER
- control field: 14951
003 - CONTROL NUMBER IDENTIFIER
- control field: HDC
005 - DATE AND TIME OF LATEST TRANSACTION
- control field: 20230624073439.0
008 - FIXED-LENGTH DATA ELEMENTS
- fixed length control field: 210215|| aca||aabn | a|a d
040 ## - CATALOGING SOURCE
- Original cataloging agency: HDC
- Transcribing agency: HDC
100 ## - HEADING--PERSONAL NAME
- Personal name: Delgado, Christopher
670 ## - SOURCE DATA FOUND
- Source citation: Work cat.: (HDC): Delgado, Christopher , Live stock to 2020 The Next Food Revolution / by, 1999
